| 000 | 00945nam a2200241 a 4500 | ||
|---|---|---|---|
| 001 | 000022549 | ||
| 005 | 20200930021653.0 | ||
| 008 | 101013s2001 sp ab 000 0 spa d | ||
| 020 | _a848021340X | ||
| 040 |
_aDO-SdBNP _bspa _cBNPHU |
||
| 082 |
_a070.49 _bV165i |
||
| 100 | 1 |
_aValero Sancho, José Luis, _d1954- _946415 |
|
| 245 | 1 | 3 |
_aLa infografía : _btécnicas, análisis y usos periodísticos / _cJosé Luis Valero Sancho. |
| 260 |
_aBarcelona : _bUniversidad Autónoma de Barcelona _bUniversitat Jaume I _bUniversitat Pompeu Fabra _bUniversitat de Valéncia, _c2001. |
||
| 300 |
_a231 p. : _bil., maps. ; _c24 cm. |
||
| 500 | _aIncluye datos biográficos del autor en la solapa de la cubierta | ||
| 500 | _aIncluye índice de figuras | ||
| 504 | _aIncluye referencias bibliográficas y notas al pie de las páginas | ||
| 504 | _abibliografías [p. 223-231] | ||
| 650 | 4 |
_aPeriodismo _929 |
|
| 650 | 4 |
_aCaricaturas _97197 |
|
| 049 | _aBNPD | ||
| 999 |
_c22046 _d22046 |
||